| 000 | 00433nam a2200157 4500 | ||
|---|---|---|---|
| 001 | 112996 | ||
| 003 | ES-MaACL | ||
| 005 | 20230906185724.0 | ||
| 007 | t| | ||
| 008 | 061121s1972 sp r ||||1| spa d | ||
| 245 | 0 | 0 | _aMuseos de Barcelona. |
| 260 |
_aMadrid : _bPatrimonio Nacional, _c1972. |
||
| 300 |
_a356 p. 20 lám. : _bil ; _c25 cm. |
||
| 710 | 2 |
_aPatrimonio Nacional (España) _96165 |
|
| 852 |
_aES-MaACL _jC-48237 _bR.84733 |
||
| 999 |
_c112996 _d112996 |
||